| 000 | 00900nam a2200253 i 4500 | ||
|---|---|---|---|
| 003 | EG-ScBUE | ||
| 005 | 20231106113927.0 | ||
| 008 | 100615s2004 ua o f 000 0baara d | ||
| 017 | _a2004 / 2242 | ||
| 020 | _a9773056600 | ||
| 040 |
_aEG-ScBUE _bara _erda _cEG-ScBUE _dEG-ScBUE |
||
| 082 | 0 | 4 |
_222 _a791.43092 _bخ ي ر |
| 100 | 1 |
_914778 _aخيري، وفية، _eمؤلف. |
|
| 245 | 1 | 0 |
_aتجربتي في السينما والتليفزيون / _cوفية خيري. |
| 264 | 1 |
_aالقاهرة : _bالهيئة العامة لقصور الثقافة، _c2004. |
|
| 300 |
_a126 صفحة : _bصور ؛ _c24 سم. |
||
| 336 |
_2rdacontent _aنص _btxt |
||
| 337 |
_aبدون وسيط _2rdamedia _bn |
||
| 338 |
_aمجلد _bnc _2rdacarrier |
||
| 490 | 0 |
_aآفاق السينما ؛ _v38 |
|
| 650 | 7 |
_914780 _aالمرأة كفنانة _vتراجم. _2BUEsh |
|
| 655 | _vReading book | ||
| 942 |
_2ddc _cBB |
||
| 999 |
_c14090 _d14090 |
||